00353nam a2200133Ia 4500008004100000020001500041041001200056082001600068100001800084245005800102260003700160300000700197650001500204221030s9999 xx 000 0 und d a8125918663 aEnglish a105.23bRaj aS. Rajasekarn 0aEssentials of Engineering Mechanicscby S. Rajasekarn bVikas Pub HouseaNew Delhic2005 a85 aMechanical